000 01667nam0a22004091 4500
001 v19\rc\1914673
005 20260406083814.0
035 _a(NLR Aleph) 005265397
090 _a5944106
_c5944106
100 _a20080404d1911 u y0rusy50 ca
101 1 _arus
_cukr
102 _aRU
105 _ay z |||cb
200 1 _aКобзарь
_eС прил. биогр. очерка
_fТарас Шевченко
_gВ пер.: Пр.Б., Н. Берга, Н. Гербеля [и др.]
_gПод ред. М. Славинского
210 _aСанкт-Петербург
_cтип. М. Стасюлевича
_d1911
215 _aXXVIII, 252 с.
_d24
532 1 3 _aКобзарь
700 1 _8rus
_7ca
_aШевченко
_bТ. Г.
_cпоэт
_f1814-1861
_gТарас Григорьевич
_3RU\NLR\AUTH\7724058
_97110
702 1 _4730
_8rus
_7ca
_aБерг
_bН. В.
_f1824-1884
_gНиколай Васильевич
_3RU\NLR\AUTH\7746622
_929557
702 0 _aПр. Б.
_cпереводчик
_4730
702 1 _4730
_8rus
_7ca
_aГербель
_bН. В.
_f1827-1883
_gНиколай Васильевич
_3RU\NLR\AUTH\7751038
_933972
702 1 _4340
_8rus
_7ca
_aСлавинский
_bМ. А.
_f1868-1945
_gМаксим Антонович
_3RU\NLR\AUTH\7799326
_982252
801 0 _aRU
_bNLR
_gpsbo
801 0 _aRU
_bRuMoRGB
_2psbo
801 1 _aRU
_bProSoft-M
_2rusmarc
801 2 _aRU
_bNLR
_c20110510
_2rusmarc
852 _aNLR
_j18.88.7.46
852 _aNLR
_j116/1006
899 _aRuMoRGB
_jU 49/136
899 _aRuMoRGB
_jA 222/44
899 _aRuMoRGB
_jU 331/92
899 _aБАН
899 _aГПИБ
899 _aНБ МГУ
942 _cBOOK
980 _aNB